Normal view
MARC view
- Hill, David R.
Entry Personal Name
001 - CONTROL NUMBER
- control field: 102579
003 - CONTROL NUMBER IDENTIFIER
- control field: NUST
005 - DATE AND TIME OF LATEST TRANSACTION
- control field: 20221114121603.0
008 - FIXED-LENGTH DATA ELEMENTS
- fixed length control field: 221114|| aca||aabn | a|a d
040 ## - CATALOGING SOURCE
- Original cataloging agency: NUST
- Transcribing agency: NUST
100 ## - HEADING--PERSONAL NAME
- Personal name: Hill, David R.
- Dates associated with a name: 1943-
670 ## - SOURCE DATA FOUND
- Source citation: Work cat.: (NUST)189140: Kolman, Bernard, 38800, Introductory linear algebra with applications /, c2001.
